| 000 | 00662cam a2200217 4500 | ||
|---|---|---|---|
| 999 |
_c66318 _d66318 |
||
| 001 | 292188 | ||
| 003 | ARRUPE | ||
| 005 | 20170801095047.0 | ||
| 008 | 690925s1969 ctu b 001 0 eng | ||
| 010 | _a 70081428 | ||
| 040 |
_aDLC _cDLC _dDLC |
||
| 050 | 0 | 0 |
_aB828.3 _b.R6 |
| 082 | 0 | 0 | _a149/.8 |
| 100 | 1 |
_aRosen, Stanley, _d1929-2014. _934110 |
|
| 245 | 0 | 0 |
_aNihilism: _ba philosophical essay. |
| 260 |
_aNew Haven, _bYale University Press, _c1969. |
||
| 300 |
_axx, 241 p. _c23 cm. |
||
| 504 | _aBibliographical footnotes. | ||
| 650 | 0 |
_aNihilism (Philosophy) _933990 |
|
| 906 |
_a7 _bcbc _corignew _du _encip _f19 _gy-gencatlg |
||
| 942 |
_2lcc _cMONOGRAPH |
||